NCAA Football Rushing Leaders - Statistics

General Stats
  • This quiz has been taken 8 times
  • The average score is 22 of 70
Answer Stats
Year College Player % Correct
1988 Oklahoma State Barry Sanders
100%
2015 Alabama Derrick Henry
100%
2024 Boise State Ashton Jeanty
86%
2014 Wisconsin Melvin Gordon
86%
2023 Oklahoma State Ollie Gordon
86%
2013 Boston College Andre Williams
57%
2020 Iowa State Breece Hall
57%
2025 Jacksonville State Cam Cook
57%
2005 Memphis DeAngelo Williams
57%
2018 Wisconsin Jonathan Taylor
57%
2011 Wisconsin Montee Ball
57%
1968 Southern California O.J. Simpson
57%
1967 Southern California O.J. Simpson
57%
1998 Texas Ricky Williams
57%
1997 Texas Ricky Williams
57%
2008 Connecticut Donald Brown
43%
1977 Texas Earl Campbell
43%
2007 Central Florida Kevin Smith
43%
2000 TCU LaDainian Tomlinson
43%
1999 TCU LaDainian Tomlinson
43%
2010 Oregon LaMichael James
43%
2017 San Diego State Rashaad Penny
43%
2009 Stanford Toby Gerhart
43%
1976 Pittsburgh Tony Dorsett
43%
1974 Ohio State Archie Griffin
29%
1979 Southern California Charles White
29%
2019 Oklahoma State Chuba Hubbard
29%
1971 Cornell Ed Marinaro
29%
1980 South Carolina George Rogers
29%
2002 Penn State Larry Johnson
29%
1993 Northern Illinois LeShon Johnson
29%
1985 Michigan State Lorenzo White
29%
1981 Southern California Marcus Allen
29%
1992 San Diego State Marshall Faulk
29%
1983 Nebraska Mike Rozier
29%
1994 Colorado Rashaan Salaam
29%
1996 Iowa State Troy Davis
29%
1995 Iowa State Troy Davis
29%
1989 Indiana Anthony Thompson
14%
2022 Air Force Brad Roberts
14%
1964 Wake Forest Brian Piccolo
14%
2001 Nevada Chance Kretschmer
14%
1990 Texas A&M Darren Lewis
14%
2003 Kansas State Darren Sproles
14%
1963 Memphis Dave Casinelli
14%
1958 Pacific Dick Bass
14%
1970 North Carolina Don McCauley
14%
2016 San Diego State Donnel Pumphrey
14%
1982 Oklahoma State Ernest Anderson
14%
2006 Northern Illinois Garrett Wolfe
14%
1987 UNLV Ickey Woods
14%
1956 Wyoming Jim Crawford
14%
2004 California J.J. Arrington
14%
2012 Arizona Ka'Deem Carey
14%
1984 Ohio State Keith Byars
14%
1969 Long Beach State Leon Burns
14%
1957 Arizona State Leon Burton
14%
2021 Central Michigan Lew Nichols
14%
1973 Northern Illinois Mark Kellar
14%
1965 Southern California Mike Garrett
14%
1978 Cal State Fullerton Obie Graves
14%
1986 Temple Paul Palmer
14%
1972 BYU Pete Van Valkenburg
14%
1962 New Mexico State Preacher Pilot
14%
1961 New Mexico State Preacher Pilot
14%
1966 Idaho Ray McDonald
14%
1975 Southern California Ricky Bell
14%
1991 Indiana Vaughn Dunbar
14%
1960 New Mexico State Bob Gaiters
0%
1959 New Mexico State Pervis Atkins
0%
No matching quizzes found
Score Distribution
Percent of People with Each Score
Percentile by Number Answered
Your Score History
You have not taken this quiz